| 000 | 00339nam a2200133 4500 | ||
|---|---|---|---|
| 999 |
_c11717 _d11717 |
||
| 003 | OSt | ||
| 005 | 20230717175833.0 | ||
| 008 | 230717b ||||| |||| 00| 0 eng d | ||
| 020 | _a9788120812260 | ||
| 100 | _aBruno dagens | ||
| 245 | _aMatamatam vol-01 | ||
| 260 |
_aNew Delhi _bIndira Gandhi national center for the arts/ |
||
| 942 | _2ddc | ||